000 01147nas a2200277 i 4500
001 159722
003 ES-MaACL
005 20250327205122.0
008 191114d19541959ag m| p | ||pa d
245 0 0 _aArte español
_b: canciones y estampas de la madre patria : revista mensual.
260 _aBuenos Aires :
_b[s.n.,
_c1954?-1959]
300 _a7 v. :
_bil., retr. ;
_c27 cm.
310 _aMensual
362 1 _aAño II, n. 8 (jun. 1954)-año III, n. 17 (marzo-abril 1956)- año V, n. 37 (jul.-ag. 1959)
505 8 _aContiene (portadas): N. 8 ;
_tRosario - n. 9 ;
_tAna Esmeralda - n. 10 ;
_tAntonio - n. 13 ;
_tJulieta Kenán - n. 15 ;
_tCamelia Reyes: La Serranita, La Alondra de España - n. 16 ;
_tMaría Antinea - n. 17 ;
_tCarmen Toledo
590 0 _aDescripción basada en: Año II, n. 8 (jun. 1954)
650 0 4 _aCanciones españolas-
_yS.XX.
_910726
650 0 4 _aCantantes-
_zEspaña-
_yS.XX.
_910745
650 4 _aCantaores.
_9151289
650 4 _aDanza española.
_911534
655 7 _2tgfbne
_9226866
_aRevistas
852 _aES-MaACL
_jHem-1717
866 0 _o(1954-1956)
942 _2udc
999 _c159722
_d159722